Personajes de Death Note por Imágenes - Estadísticas

Estadísticas generales
  • Esta prueba ha sido intentada 63 veces
  • La puntuación promedio es 7 de 14
Estadísticas de respuestas
Imagen Respuesta % Correcto
L
98%
Light
98%
Misa
79%
Ryuk
75%
Near
69%
Mello
65%
Matsuda
60%
Rem
46%
Soichiro Yagami
40%
Watari
31%
Mikami
25%
Sayu Yagami
25%
Takada
19%
Shuichi
8%
No se encontraron pruebas coincidentes
Distribución de puntuación
Porcentaje de gente con cada puntuación
Porcentaje por número respondido
Historial de tus puntuaciones
No has intentado esta prueba.